| 000 | 00841nam a22003017a 4500 | ||
|---|---|---|---|
| 003 | DO-SdBNP | ||
| 005 | 20250820102034.0 | ||
| 008 | 060721 1986 sp a spa | ||
| 017 |
_a _b |
||
| 020 | _a8426311385 | ||
| 035 | _a | ||
| 040 |
_aBPMSU _bspa _cBPMSU _e |
||
| 082 |
_a _b |
||
| 092 |
_axxxx _bxxxx _2 |
||
| 100 | 1 | _aAdam, Jean-Pierre | |
| 245 | 1 | 3 |
_aEl mediterráneo / _h _cJean-Perre Adam ; ilustraciones Michaël Welply |
| 260 |
_aBarcelona : _bLuis Vives, _c1986. _e _f |
||
| 300 |
_a77 p. ; _c32 cm. |
||
| 490 | 0 | _aHistoria de los hombres | |
| 650 | _2NOVELA INGLESA | ||
| 650 | 4 | _2MAGIA - NOVELA | |
| 650 | 4 | _2NOVELA JUVENIL INGLESA | |
| 700 | 1 |
_aWelply, Michaël _eil. |
|
| 942 |
_2ddc _cBK |
||
| 945 | _ainventariado extranjero / DG | ||
| 956 |
_aYLOCKWARD _210 _6BPMSU _800144 |
||
| 980 |
_a _a _b _j _c |
||
| 999 |
_c12791 _d12791 |
||